000
00305nam a22001337a 4500
020
_a
978-81-291-3554
082
_a
825
_b
BHA/W
100
_a
BHAGAT,CHETAN
245
_a
WHAT YOUNG INDIA WANTS
260
_a
NEW DELHI
_b
RUPA PUBLICATIONS
_c
2012
300
_a
181
650
_a
ESSAYS
_z
NEW DELHI
942
_c
BK
999
_c
3639
_d
3639